Ενοχικό δίκαιο : ειδικό μέρος

Αποθηκεύτηκε σε:
Λεπτομέρειες βιβλιογραφικής εγγραφής
Κύριος συγγραφέας: Σπυριδάκης, Ιωάννης Σ.
Άλλοι συγγραφείς: Σπυριδάκης, Μιχαήλ Ι. (Επιμελητής έκδοσης)
Μορφή: Βιβλίο
Γλώσσα:Greek
Δημοσίευση: Αθήνα; Κομοτηνή : Σάκκουλας, 2004
Έκδοση:2η έκδ.
Θέματα:
Ετικέτες: Προσθήκη ετικέτας
Δεν υπάρχουν, Καταχωρήστε ετικέτα πρώτοι!

MARC

LEADER 00000cam a2200000 i 4500
001 1/20543
008 120614s2004####gr | | | ||| ||gre||
020 |a 960-15-1198-9 
035 |l 10112724 
040 |a GR-MY-UA  |b gre  |e aacr 
041 0 |a gre 
082 0 |a 346.02  |2 (22) 
100 1 |a Σπυριδάκης, Ιωάννης Σ. 
245 1 0 |a Ενοχικό δίκαιο :   |b ειδικό μέρος /   |c Ι. Σ. Σπυριδάκη ; επιμέλεια/συνεργασία Μ.Ι. Σπυριδάκη.  
250 |a 2η έκδ. 
260 |a Αθήνα; Κομοτηνή :   |b Σάκκουλας,   |c 2004 
300 |a 322 σ.;  |c 20 εκ. 
650 0 0 |a Obligations (Law)  |z Greece. 
700 1 |4 edt  |a Σπυριδάκης, Μιχαήλ Ι. 
852 |a INST  |b CHIOS  |c EUDOXUS  |e 20120614  |h 346.02 ΣΠΥ  |p 005200032816  |q 005200032816  |t EDX  |v τ.2:  |y 0  |z τ.2 
853 |a INST  |b CHIOS  |c EUDOXUS  |h 346.02 ΣΠΥ 
901 |a BIBL2-2012-2 
909 |a Χ  |b 169237 
920 |a ΕΥΔΟΞΟΣ  |b ΕΠΙΣΤΡΟΦΗ  |y ΧΙΟΣ  |z 2012-06 
970 |a ΠΟΥΛΑΚΗ  |b ΣΤΕΛΛΑ  |z 2012/06/14